000 00821nam a2200253Ia 4500
003 OSt
005 20220918171735.0
006 a|||||r|||| 00| 0
007 ta
008 220917b |||||||| |||| 00| 0 eng d
020 _a9788173049279 (hbk)
_c895
024 _a285,530
037 _bCBS/390, 27/03/2015, Classic Book Service
_cTextual
040 _aARTS
_cARTS
_beng
041 _2eng
_aeng
082 _aV27.N30<-M73, L6;Q1
100 _aOmvedt Gail
_922464
245 0 _aCultural revolt in a colonial society
_b Non brahman movement in Western India
260 _aNew Delhi
_bManohar Pub. & Dist. India
_c2011
300 _a331p.
_ccm.
650 _aHISTORY
942 _hV27.N30<-M73, L6;Q1
_cTEXL
_2CC
999 _c141191
_d141191